Logo BPK

Biblioteka

Politechniki Koszalińskiej

Testy sprawdzające z mikroekonomii / (Rekord nr 42280)

Szczegóły MARC
000 -ETYKIETA REKORDU
podpole kontrolne o stałej długości 00913nam a2200253 i 4500
001 - NUMER KONTROLNY REKORDU
pole kontrolne bg
020 ## - MIĘDZYNARODOWY ZNORMALIZOWANY NUMER KSIĄŻKI - ISBN
ISBN 8300031499
040 ## - ŹRÓDŁO KATALOGOWANIA
Instytucja, która utworzyła rekord BPK
041 0# - KOD JĘZYKA
Kod języka tekstu pl
080 ## - UNIWERSALNA KLASYFIKACJA DZIESIĘTNA - UKD
UKD 330.101.542(075.8)(076)
920 ## - Międzynarodowy znormalizowany numer książki – ISBN
ISBN 83-00-03149-9
008 - POLE O STAŁEJ DŁUGOŚCI - DANE KONTROLNE
podpole kontrolne o stałej długości s pl f |000 0 pol
100 1# - NAZWA OSOBOWA
Nazwa osobowa MOSSAKOWSKA, Ewa
245 10 - TYTUŁ/ODPOWIEDZIALNOŚĆ
Tytuł Testy sprawdzające z mikroekonomii /
Pozostałe elementy strefy tytułu i oznaczenia odpowiedzialności Ewa Mossakowska, Maria Zajączkowska, Aldona Zawojska.
260 ## - STREFA ADRESU WYDAWNICZEGO
Miejsce wydania Warszawa :
Nazwa wydawcy/dystrybutora Wydaw. SGGW [Szkoły Głównej Gospodarstwa Wiejskiego],
Data publikacji, dystrybucji/powstania dokumentu 1998
Miejsce produkcji (Warsz. :
Nazwa producenta "Evan").
300 ## - STREFA OPISU FIZYCZNEGO
Objętość 133 s. :
Inne cechy fizyczne wykr. ;
Rozmiary 24 cm.
504 ## - UWAGA DOTYCZĄCA BIBLIOGRAFII
Informacje o bibliografii Bibliogr. s. 133.
650 #9 - HASŁO PRZEDMIOTOWE W FORMIE NAZWY OGÓLNEJ LUB JEDNOSTKOWEJ
Nazwa ogólna lub geograficzna Mikroekonomia
655 ## - TERMIN INDEKSOWY - OKREŚLENIE RODZAJU/FORMY DOKUMENTU
Określenie rodzaju/formy dokumentu Ćwiczenia i zadania
700 1# - HASŁO DODATKOWE - NAZWA OSOBOWA
Nazwa osobowa ZAJĄCZKOWSKA, Maria Małgorzata
700 1# - HASŁO DODATKOWE - NAZWA OSOBOWA
Nazwa osobowa ZAWOJSKA, Aldona
856 ## - LOKALIZACJA I DOSTĘP DO ELEKTRONICZNYCH DOKUMENTÓW ZDALNYCH
Link (URL) http://koha.tu.koszalin.pl/cgi-bin/koha/opac-detail.pl?biblionumber=42280
Tekst linku Katalog online BPK
942 ## - DODATKOWE ELEMENTY (KOHA)
Typ dokumentu Książka
Egzemplarze
Wycofany Status egzemplarza Uszkodzony Dostępność Lokalizacja stała Lokalizacja bieżąca Miejsce przechowywania Sygnatura Kod kreskowy Dział Typ dokumentu
      Tylko na miejscu Biblioteka Politechniki Koszalińskiej Biblioteka Politechniki Koszalińskiej Czytelnia BG 66132 01902679 330.101.54 Makroekonomia. Mikroekonomia Książka
      Tylko na miejscu Biblioteka Politechniki Koszalińskiej Biblioteka Politechniki Koszalińskiej Czytelnia Wydziałowa ul. Kwiatkowskiego 6e 66133 01902662 330.101.542 Mikroekonomia Książka
© 2023 Biblioteka Politechniki Koszalińskiej :: KOHA